000 00368nam a2200157Ia 4500
008 160316s2001 xxu||||| |||| 00| 0 eng d
082 _a344.046000
_bTIM
100 _a
245 _aA step towards preserving urban wildlife
250 _a
260 _aBangalore
_bTimes of India
_c2001
300 _a1
_b
_c
365 _b
650 _a1. Wildlife
700 _a
_a
999 _c37084
_d37084